书目信息 |
| 题名: |
绿色有机催化
|
|
| 作者: | 赵钢 编著 | |
| 分册: | ||
| 出版信息: | 北京 中国石化出版社 2005 |
|
| 页数: | ||
| 开本: | 26cm | |
| 丛书名: | ||
| 单 册: | ||
| 中图分类: | TQ203.2 | |
| 科图分类: | ||
| 主题词: | 有机化工 | |
| 电子资源: | ||
| ISBN: | 7-80164-680-0 | |
| 000 | 00506nam0 2200181 450 | |
| 001 | 0754114953 | |
| 005 | 20070929150154.95 | |
| 010 | @a7-80164-680-0 | |
| 100 | @a20070929d km y0chiy0120 ea | |
| 101 | 0 | @achi |
| 200 | 1 | @a绿色有机催化@Alu se you ji cui hua@f赵钢 等编著@Fzhao gang deng bian zhu |
| 210 | @a北京@c中国石化出版社@d2005 | |
| 215 | @c插图@d26cm | |
| 606 | 0 | @a有机化工 |
| 690 | @aTQ203.2@v3 | |
| 701 | 0 | @a赵钢@Azhao gang@4编著 |
| 801 | 0 | @aCN@bPFT@c20070929 |
| 905 | @a213230@dTQ203.2@eh128@f1 | |
| 绿色有机催化/赵钢 等编著.-北京:中国石化出版社,2005 |
| 插图;26cm |
| ISBN 7-80164-680-0: |
| ● |
| 相关链接 |
|
|
|
|
正题名:绿色有机催化
索取号:TQ203.2/h128
 
预约/预借
| 序号 | 登录号 | 条形码 | 馆藏地/架位号 | 状态 | 备注 |
| 1 | 6001918 | 260019189 | 密集书库-化学系/ [索取号:TQ203.2/h128] | 在馆 |